The Buccaneers of America: A true account of the most remarkable assaults committed of late years upon the coast of the West Indies by the buccaneers of Jamaica and Tortuga {both english and french} Wherein are contained more especially the Unparalleled Exploits of Sir Henry Morgan, our English Jamaica Hero, who sacked Porto Bello, burnt Panama, etc. By John Esquemeling, One of the Buccaneers who was present at those tragedies. How faitfully rendered into English. With facsimiles of all the Original Engravings, etc.
Đã lưu trong:
| Tác giả chính: | |
|---|---|
| Định dạng: | Sách |
| Ngôn ngữ: | Tiếng Anh |
| Được phát hành: |
Londres
George Allen & Company, Ltd
1911
|
| Phiên bản: | 2a. ed |
| Những chủ đề: | |
| Các nhãn: |
Thêm thẻ
Không có thẻ, Là người đầu tiên thẻ bản ghi này!
|
MARC
| LEADER | 00000nam a2200000 a 4500 | ||
|---|---|---|---|
| 001 | UCJ5961 | ||
| 003 | CL-VaPUC | ||
| 008 | 070124e19110000UK |||||||||||||||||eng|d | ||
| 082 | 0 | 4 | |a 980 |b ESQ |2 21 |
| 100 | 0 | |a Esquemeling, John |e author |9 511979 | |
| 245 | 1 | 4 | |a The Buccaneers of America: A true account of the most remarkable assaults committed of late years upon the coast of the West Indies by the buccaneers of Jamaica and Tortuga {both english and french} Wherein are contained more especially the Unparalleled Exploits of Sir Henry Morgan, our English Jamaica Hero, who sacked Porto Bello, burnt Panama, etc. By John Esquemeling, One of the Buccaneers who was present at those tragedies. How faitfully rendered into English. With facsimiles of all the Original Engravings, etc. |
| 250 | |a 2a. ed | ||
| 300 | |a xxxv, 508 p | ||
| 942 | |c BK | ||
| 945 | |d 20070124 00:00:00 |a rinostro | ||
| 260 | |a Londres |b George Allen & Company, Ltd |c 1911 | ||
| 500 | |a Libro interesante por ser obra de un actor de los hechos narrados. De algunos nombres, como en el caso de Lolonais, se ha dado más de una versión. Front., retrato de Sir Henry Morgan; iconografia, ilustraciones, un mapa y plano de la ciudad de La Serena, conformes. El bucanero nombrado como Sawkins, es en realidad Richard Hawkins | ||
| 600 | 0 | 7 | |a PEDRO EL GRANDE |2 CL-VaPUC |9 348930 |
| 600 | 0 | 7 | |a L'OLLONAIS, FRANCIS |2 CL-VaPUC |9 511980 |
| 600 | 0 | 7 | |a BARTOLOME PORTUGUES |2 CL-VaPUC |9 511981 |
| 600 | 0 | 7 | |a ROCK BRASILIANO |2 CL-VaPUC |9 511982 |
| 600 | 0 | 7 | |a MORGAN, HENRY |2 CL-VaPUC |9 504651 |
| 600 | 0 | 7 | |a OGERON, BERTRAM |2 CL-VaPUC |9 511983 |
| 600 | 0 | 7 | |a BINKES, JACOB |2 CL-VaPUC |9 511984 |
| 600 | 0 | 7 | |a HAWKINS, RICHARD |2 CL-VaPUC |9 504658 |
| 600 | 0 | 7 | |a SHARP, BARTOLOME |2 CL-VaPUC |9 504652 |
| 600 | 0 | 7 | |a HARRIS, PETER |2 CL-VaPUC |9 511985 |
| 600 | 0 | 7 | |a COXON, JOHN |2 CL-VaPUC |9 504653 |
| 600 | 0 | 7 | |a COOK, EDMUND |2 CL-VaPUC |9 511986 |
| 600 | 0 | 7 | |a BARAHONA, JACINTO DE |2 CL-VaPUC |9 511987 |
| 600 | 0 | 7 | |a PERALTA, FRANCISCO DE |2 CL-VaPUC |9 511988 |
| 600 | 0 | 7 | |a CARABAXAL, DIEGO DE |2 CL-VaPUC |9 511989 |
| 650 | 0 | |a Viajes |9 257115 | |
| 650 | 7 | |a MEMORIAS |2 CL-VaPUC |9 269159 | |
| 650 | 7 | |a BUCANEROS |2 CL-VaPUC |9 437599 | |
| 650 | 7 | |a PIRATAS |2 CL-VaPUC |9 317855 | |
| 650 | 0 | |a Recursos naturales |9 255232 | |
| 650 | 0 | |a Aborígenes |9 329972 | |
| 650 | 0 | |a Flora y fauna |9 338564 | |
| 650 | 0 | |a Iconografía |9 267998 | |
| 650 | 0 | |a Ilustraciones |9 369481 | |
| 650 | 0 | |a Mapas |9 260844 | |
| 650 | 7 | |a PLANOS |2 CL-VaPUC |9 260106 | |
| 651 | 7 | |a TORTUGA |2 CL-VaPUC |9 511990 | |
| 651 | 7 | |a JAMAICA |2 CL-VaPUC |9 350605 | |
| 651 | 7 | |a CUBA |2 CL-VaPUC |9 255263 | |
| 651 | 7 | |a PANAMA |2 CL-VaPUC |9 257728 | |
| 651 | 0 | |a Ecuador |9 258378 | |
| 651 | 0 | |a Perú |9 256567 | |
| 651 | 0 | |a Arica |9 309332 | |
| 651 | 7 | |a CHILE |2 CL-VaPUC |9 511991 | |
| 651 | 7 | |a COQUIMBO |2 CL-VaPUC |9 511992 | |
| 651 | 0 | |a La Serena |9 313924 | |
| 651 | 7 | |a JUAN FERNANDEZ |2 CL-VaPUC |9 384330 | |
| 651 | 7 | |a HUASCO |2 CL-VaPUC |9 511993 | |
| 651 | 7 | |a CERRO MORENO |2 CL-VaPUC |9 511994 | |
| 651 | 7 | |a CERRO COLOSO |2 CL-VaPUC |9 511995 | |
| 651 | 7 | |a MEJILLONES |2 CL-VaPUC |9 324317 | |
| 651 | 7 | |a RIO LOA |2 CL-VaPUC |9 507604 | |
| 583 | |a last modification |c 20130719 05:44:21 |k Rodrigo Vera | ||
| 999 | |c 322069 |d 322067 | ||
| 952 | |0 0 |1 0 |4 0 |6 980_000000000000000_ESQ_1911 |7 0 |8 X |9 400981 |a FDOBUD |b FDOBUD |d 2019-11-22 |i 1041827 |o 980 ESQ 1911 |p 1041827 |r 2019-11-22 |w 2019-11-22 |y BK_X |k BUD | ||